Normal view MARC view
  • Alexis White Ed

Entry Personal Name

Number of records used in: 1

001 - CONTROL NUMBER

  • control field: 13616

003 - CONTROL NUMBER IDENTIFIER

  • control field: OSt

005 - DATE AND TIME OF LATEST TRANSACTION

  • control field: 20260422144453.0

008 - FIXED-LENGTH DATA ELEMENTS

  • fixed length control field: 260422|| aca||aabn | a|a d

040 ## - CATALOGING SOURCE

  • Original cataloging agency: OSt
  • Transcribing agency: OSt

100 ## - HEADING--PERSONAL NAME

  • Personal name: Alexis White Ed

670 ## - SOURCE DATA FOUND

  • Source citation: Work cat.: (OSt)758883: Alexis White Ed., Bioinformatics, genome analysis and systems biology, 2025